Estatísticas para Bandeiras do País com Águias - quiz de imagem

Clique aqui para jogar o quiz

Estatísticas Gerais

  • Esse quiz foi jogado 375 vezes
  • A pontuação média é 6 de 9

Estatísticas das Respostas

país% Correto
Albânia
99%
Egito
81%
México
79%
Moldávia
70%
Montenegro
69%
Sérvia
65%
Zâmbia
48%
Zimbábue
42%
Cazaquistão
41%

Distribuição das Pontuações

Percentil de Números Respondidos

Porcentagem de Pessoas com Cada Pontuação

Sua Pontuação Histórica

Você não jogou esse quiz